Quiz de Múltipla Escolha de Cidades - Londres - Statistics

Estatísticas Gerais
  • Esse quiz foi jogado 48 vezes
  • A pontuação média é 5 de 10
Estatísticas das Respostas
Questão Resposta % Correto
Qual é a cor principal dos ônibus de Londres? Vermelho
100%
Uma pessoa de Londres é conhecida como... Londrino
93%
Que animal você encontraria em forma de estátua na Trafalgar Square? Leões
68%
Onde você encontraria o Speakers' Corner? Hyde Park
43%
Se você seguisse o Tâmisa rio abaixo, de Londres até o mar, em qual direção você viajaria? Leste
40%
Qual era o nome do teatro onde as peças de Shakespeare eram encenadas? The Globe
38%
Qual das seguintes opções torna Pudding Lane famosa? O Grande Incêndio de 1666
30%
Qual parte de Londres é conhecida por seus teatros? West End
30%
O que matou milhares de pessoas em Londres em dezembro de 1952? Nevoeiro de poluição
28%
Qual é o edifício mais alto de Londres? The Shard
23%
Nenhum quiz correspondente encontrado
Distribuição das Pontuações
Porcentagem de Pessoas com Cada Pontuação
Percentil de Números Respondidos
Sua Pontuação Histórica
Você não jogou esse quiz